000 01219cam a2200157 4500500
005 20260208001147.0
041 _afre
042 _adc
100 1 0 _aLantz, Pierre
_eauthor
245 0 0 _aLa classe ouvrière comme réalité et représentation
260 _c2004.
500 _a40
520 _aAbstract A feeling of obviousness, but also of malaise, is elicited by simply mentioning reproduction techniques. Analyzing the four key figures of the researcher, the doctor, the man and the woman on the basis of around a thousand medical files from the procreation assitance service of a hospital reveals how such feelings can be understood as the effect of factors such as medical power and gender domination as well as medicalization and calls to maternity. In oppositon to this structure of authority, turbulences emerge that destabilize established conceptions of parenthood and the approved limits placed on research or on procreative time-frames, and which lead to new types of questions in this field.
786 0 _nL'Homme & la Société | 152-153 | 2 | 2004-06-01 | p. 271-278 | 0018-4306
856 4 1 _uhttps://shs.cairn.info/revue-l-homme-et-la-societe-2004-2-page-271?lang=fr&redirect-ssocas=7080
999 _c1644479
_d1644479